| 000 | 00862nam a22002537a 4500 | ||
|---|---|---|---|
| 005 | 20170124110040.0 | ||
| 010 | _aA-950942 | ||
| 020 |
_c295.00 _a8120314859 |
||
| 035 | _aA-950942 | ||
| 037 | _bCen Lib/Ret | ||
| 040 |
_aDPL _bEN |
||
| 082 |
_a658.1 _bMAI |
||
| 100 |
_aMainiero, Lisa A. _9102224 |
||
| 245 |
_aDeveloping managerial skills in organizational behavior : _cby Lisa A Mainiero [and] Cheryl L. Tromley _bexercises, cases & readings / |
||
| 250 | _a2nd ed | ||
| 260 |
_c1999 _aNew Delhi _bPrintice-Hall of India |
||
| 270 |
_bNew Delhi _aM-97, Cannaught Circus _e110001 |
||
| 300 |
_axv,491p.: _c25cm(Hb) _bill. |
||
| 500 | _aIncludes index | ||
| 650 |
_aOrganizational behavior _912147 |
||
| 650 |
_aOrganizational behavior -- Case studies _9102225 |
||
| 700 |
_aTromley, Cheryl L. _923529 |
||
| 942 |
_2ddc _cEN _h658.1 _mMAI |
||
| 999 |
_c128478 _d128478 |
||